Statistiques concernant Pays les plus proches de l'Inde - une minute sprint

Cliquez ici pour prendre le quiz!

Statistiques générales

  • Ce quiz a été pris 112 fois
  • Le résultat moyen est 13 sur 20

Statistiques - réponses

kmpays% Correct
0Chine
100%
0Népal
93%
0Birmanie
85%
0Pakistan
85%
1Sri Lanka
84%
0Bangladesh
82%
0Bhoutan
81%
211Afghanistan
75%
486Thaïlande
75%
717Laos
67%
613Iran
62%
721Viêt Nam
56%
277Tadjikistan
53%
733Turkménistan
52%
525Kirghizistan
51%
172Indonésie
49%
130Maldives
49%
617Ouzbékistan
48%
632Malaisie
45%
808Kazakhstan
40%

Distribution des résultats

Percentile par nombre de réponses

% des personnes avec chaque résultat

Votre développement - résultats

Vous n’avez pas pris ce quiz